| 000 | 01331nam a2200325 a 4500 | ||
|---|---|---|---|
| 001 | ebr5005028 | ||
| 003 | CaPaEBR | ||
| 006 | m u | ||
| 007 | cr cn||||||||| | ||
| 008 | 971118s1998 ctua sb 001 0 eng | ||
| 010 | _z 97048615 | ||
| 020 | _z1567202020 (alk. paper) | ||
| 040 |
_aCaPaEBR _cCaPaEBR |
||
| 035 | _a(OCoLC)50061481 | ||
| 050 | 1 | 4 |
_aHD57.7 _b.F352 1998eb |
| 082 | 0 | 4 |
_a658.4/092 _221 |
| 100 | 1 | _aFairholm, Gilbert W. | |
| 245 | 1 | 0 |
_aPerspectives on leadership _h[electronic resource] : _bfrom the science of management to its spiritual heart / _cGilbert W. Fairholm. |
| 260 |
_aWestport, Conn : _bQuorum, _c1998. |
||
| 300 |
_axxiv, 167 p. : _bill. |
||
| 504 | _aIncludes bibliographical references (p. [155]-161) and index. | ||
| 533 |
_aElectronic reproduction. _bPalo Alto, Calif. : _cebrary, _d2013. _nAvailable via World Wide Web. _nAccess may be limited to ebrary affiliated libraries. |
||
| 650 | 0 |
_aLeadership _xMoral and ethical aspects. |
|
| 650 | 0 |
_aLeadership _xReligious aspects. |
|
| 650 | 0 |
_aManagement _xMoral and ethical aspects. |
|
| 650 | 0 |
_aManagement _xReligious aspects. |
|
| 655 | 7 |
_aElectronic books. _2local |
|
| 710 | 2 | _aebrary, Inc. | |
| 856 | 4 | 0 |
_uhttp://site.ebrary.com/lib/rucke/Doc?id=5005028 _zAn electronic book accessible through the World Wide Web; click to view |
| 999 |
_c1507 _d1507 |
||